Die ganze heilige schrift D. Martini Lutheri (Record no. 8028)

MARC details
000 -CABECERA
campo de control de longitud fija 01258nam a2200301 a 4500
001 - NÚMERO DE CONTROL
campo de control BRCA_8360
005 - FECHA Y HORA DE LA ÚLTIMA TRANSACCIÓN
campo de control 20190320210240.0
008 - DATOS DE LONGITUD FIJA--INFORMACIÓN GENERAL
campo de control de longitud fija 280714c1650----gw-a###f##---#000-0#ger-#
041 ## - CÓDIGO DE LENGUA
Código de lengua del texto/banda sonora o título independiente ger
044 ## - CÓDIGO DEL PAÍS DE LA ENTIDAD EDITORA/PRODUCTORA
Código MARC del país gw
050 #4 - SIGNATURA TOPOGRÁFICA DE LA BIBLIOTECA DEL CONGRESO
Número de clasificación BS1429.L8
Número de documento/Ítem .S7 1650
100 1# - ENTRADA PRINCIPAL--NOMBRE DE PERSONA
Nombre de persona Osiander, Lucas
9 (RLIN) 20938
245 10 - MENCIÓN DE TÍTULO
Título Die ganze heilige schrift D. Martini Lutheri
Resto del título altes und neues testament. Grundlicher retchmessiger verlarung deutlichen und verstandlichen sebrupuncten croft und varnungen durch den Beistreichen Scherm Lucam Ofiandrum der heiligenschrift Doctorn mit schurf suzft
Mención de responsabilidad, etc. herausgegeben von Johan und Heirrich Sternen.
260 ## - PUBLICACIÓN, DISTRIBUCIÓN, ETC.
Lugar de publicación, distribución, etc. Nuremberg
Nombre del editor, distribuidor, etc. J & H Sternen
Fecha de publicación, distribución, etc. 1650
300 ## - DESCRIPCIÓN FÍSICA
Extensión 244 h.
Otras características físicas il.
Dimensiones 42 cm.
500 ## - NOTA GENERAL
Nota general Ejemplar resguardado en Caja Fuerte
500 ## - NOTA GENERAL
Nota general Estado físico: bien conservado en caja de plástico con sujetadores.
500 ## - NOTA GENERAL
Nota general R-97
500 ## - NOTA GENERAL
Nota general Con Ex- libris de: Franz Mayer
500 ## - NOTA GENERAL
Nota general Nota de encuadernación: en piel
500 ## - NOTA GENERAL
Nota general Grabado en la anteportada
506 0# - NOTA DE RESTRICCIONES AL ACCESO
Limitaciones de acceso Fondo reservado: para su consulta es necesario credencial de usuario y carta de motivos
600 14 - PUNTO DE ACCESO ADICIONAL DE MATERIA--NOMBRE DE PERSONA
Nombre de persona Lutero, Martín
Fechas asociadas al nombre 1483-1546
9 (RLIN) 20939
650 14 - PUNTO DE ACCESO ADICIONAL DE MATERIA--TÉRMINO DE MATERIA
Término de materia o nombre geográfico como elemento de entrada Biblia alemana
9 (RLIN) 20940
700 1# - PUNTO DE ACCESO ADICIONAL--NOMBRE DE PERSONA
Nombre de persona Sternen, Heirrich
Término indicativo de función/relación ed.
9 (RLIN) 20941
902 ## - CATALOGADOR
Iniciales LAR
942 ## - ELEMENTOS DE PUNTO DE ACCESO ADICIONAL (KOHA)
Fuente del sistema de clasificación o colocación Library of Congress Classification
Tipo de ítem Koha Libros
Holdings
Estado de retiro Estado de pérdida Estado dañado No para préstamo Localización permanente Ubicación/localización actual Fecha de adquisición Número de inventario Total de préstamos Signatura topográfica completa Código de barras Fecha visto por última vez Precio válido a partir de Tipo de ítem Koha
Activo (en colección)       Biblioteca del Museo Franz Mayer (Rogerio Casas-Alatriste) Biblioteca del Museo Franz Mayer (Rogerio Casas-Alatriste) 28/07/2014 R-97   BS1429.L8 .S7 1650 (R-97) LAR00029 22/03/2019 22/03/2019 Libros